[Event "Bad Wörishofen op 2012 28th"]
[Site "Bad Wörishofen (2.3.-10.3)"]
[Date "2012.03.07"]
[Round "6.63"]
[White "Mattes, Heinz Dr"]
[Black "Bigott, Martin"]
[Result "1-0"]
[WhiteElo "1948"]
[BlackElo "1778"]
[PlyCount "65"]
[EventDate "2012.03.??"]
[EventType "swiss"]
[EventRounds "9"]
[EventCountry "GER"]
[SourceDate "2013.02.18"]
[WhiteTeam "München Siemens SK"]
[BlackTeam "Lohmar SF"]

1. d4 d5 2. Nf3 Nf6 3. e3 Bg4 4. c4 e6 5. Qb3 Bxf3 6. Qxb7 Nbd7 7. gxf3 c5 8.
cxd5 Nxd5 9. Bb5 Nc7 10. Nc3 cxd4 11. exd4 Nxb5 12. Qxb5 Be7 13. Rg1 Bf6 14.
Ne4 Rb8 15. Qa4 Qb6 16. Nxf6+ gxf6 17. b3 Qb4+ 18. Qxb4 Rxb4 19. Bb2 Nb6 20.
Rc1 Rb5 21. Rc7 Rg5 22. Rxg5 fxg5 23. d5 O-O 24. dxe6 Re8 25. e7 Nd5 26. Rxa7
Nxe7 27. Kf1 Nc6 28. Rc7 Nb4 29. a4 Nd3 30. Bc3 Rb8 31. a5 h5 32. a6 Rxb3 33.
a7 1-0

[Event "Bad Wörishofen op 2012 28th"]
[Site "Bad Wörishofen (2.3.-10.3)"]
[Date "2012.03.07"]
[Round "6.64"]
[White "Van Eck, Ted"]
[Black "Ries, Heinz-Gerd Dr"]
[Result "1-0"]
[WhiteElo "1691"]
[BlackElo "1740"]
[PlyCount "49"]
[EventDate "2012.03.??"]
[EventType "swiss"]
[EventRounds "9"]
[EventCountry "GER"]
[SourceDate "2013.02.18"]
[WhiteTeam "NED/Niederlande"]
[BlackTeam "Muengersdorf SF"]
[WhiteTeamCountry "NED"]

1. e4 c5 2. Nf3 d6 3. Nc3 Nc6 4. Bc4 e6 5. d4 cxd4 6. Nxd4 a6 7. Be3 Bd7 8. O-O
h6 9. f4 Rc8 10. Bb3 Na5 11. f5 Nxb3 12. fxe6 Bxe6 13. Nxe6 fxe6 14. Qh5+ Kd7
15. axb3 Nf6 16. Qe2 Rc6 17. b4 Qc7 18. b5 axb5 19. Qxb5 Be7 20. Ra7 Rb8 21.
Qa4 Kd8 22. Nb5 Qc8 23. Nd4 Ra6 24. Rxa6 bxa6 25. Nc6+ 1-0

[Event "Bad Wörishofen op 2012 28th"]
[Site "Bad Wörishofen (2.3.-10.3)"]
[Date "2012.03.07"]
[Round "6.65"]
[White "Von Saldern, Ruediger"]
[Black "Koch, Harald"]
[Result "0-1"]
[WhiteElo "1905"]
[BlackElo "1834"]
[PlyCount "76"]
[EventDate "2012.03.??"]
[EventType "swiss"]
[EventRounds "9"]
[EventCountry "GER"]
[SourceDate "2013.02.18"]
[WhiteTeam "Starnberger See SF"]
[BlackTeam "Kissing SK"]

1. d4 Nc6 2. Nf3 Nf6 3. c4 g6 4. Nc3 d6 5. d5 Nb8 6. e4 Bg7 7. Bd3 O-O 8. O-O
e5 9. h3 Ne8 10. b4 f6 11. c5 Rf7 12. Be3 Bf8 13. Rc1 h6 14. g4 h5 15. Nh2 hxg4
16. hxg4 f5 17. f3 f4 18. Bf2 Qg5 19. Kg2 Nf6 20. Rh1 Nxg4 21. Nxg4 Bxg4 22.
Bh4 Bh3+ 23. Kxh3 Rh7 24. Qe1 Be7 25. Ne2 Rxh4+ 26. Qxh4 Qxh4+ 27. Kg2 Qf6 28.
Rh2 Na6 29. Bxa6 bxa6 30. c6 Rb8 31. a3 g5 32. Rch1 a5 33. Rh6 Qg7 34. Re6 axb4
35. axb4 g4 36. Rhh6 gxf3+ 37. Kxf3 Kf7 38. Rh5 Rg8 0-1

[Event "Bad Wörishofen op 2012 28th"]
[Site "Bad Wörishofen (2.3.-10.3)"]
[Date "2012.03.07"]
[Round "6.66"]
[White "Lochte, Szilvia"]
[Black "De Luna Butz, Alberto"]
[Result "1/2-1/2"]
[WhiteElo "1814"]
[BlackElo "1663"]
[PlyCount "85"]
[EventDate "2012.03.??"]
[EventType "swiss"]
[EventRounds "9"]
[EventCountry "GER"]
[SourceDate "2013.02.18"]
[WhiteTeam "Starnberg SC"]
[BlackTeam "ESP/Spanien"]
[BlackTeamCountry "ESP"]

1. d4 e6 2. Bf4 c5 3. e3 Qb6 4. Nc3 a6 5. a3 Nf6 6. Nf3 Be7 7. dxc5 Qxc5 8. Qd2
O-O 9. Na4 Qc6 10. Qd4 Nd5 11. Ne5 Qc7 12. Ng6 Qa5+ 13. b4 Qxa4 14. Nxf8 Nc6
15. Qd1 Nxf4 16. Nxh7 Nxg2+ 17. Bxg2 Kxh7 18. Qh5+ Kg8 19. Be4 f5 20. Bd3 Ne5
21. Bxf5 exf5 22. Qe8+ Bf8 23. Qxe5 Qxc2 24. f3 d6 25. Qd5+ Kh7 26. Qf7 Qc3+
27. Kf2 Qb2+ 28. Kg3 Qe5+ 29. Kf2 Be7 30. Qh5+ Kg8 31. Qe8+ Bf8 32. Qd8 b5 33.
Rac1 Bb7 34. Qd7 Qd5 35. e4 fxe4 36. Rc7 Qd2+ 37. Kg3 Qg5+ 38. Kf2 e3+ 39. Ke2
Qg2+ 40. Kxe3 Qxf3+ 41. Kd2 Qxh1 42. Qf7+ Kh7 43. Qh5+ 1/2-1/2

[Event "Bad Wörishofen op 2012 28th"]
[Site "Bad Wörishofen (2.3.-10.3)"]
[Date "2012.03.07"]
[Round "6.67"]
[White "Santos, Paulo"]
[Black "Goede, Heiko"]
[Result "1-0"]
[WhiteElo "1690"]
[BlackElo "1750"]
[PlyCount "97"]
[EventDate "2012.03.??"]
[EventType "swiss"]
[EventRounds "9"]
[EventCountry "GER"]
[SourceDate "2013.02.18"]
[WhiteTeam "Lechhausen SC"]
[BlackTeam "Sülz-Klettenberg SK"]

1. e4 d5 2. exd5 Nf6 3. Nc3 Nxd5 4. d4 g6 5. Nf3 Bg7 6. Be2 O-O 7. O-O c6 8.
Nxd5 cxd5 9. c3 Bg4 10. Bf4 Nc6 11. Re1 Bxf3 12. Bxf3 e6 13. Qd2 Rc8 14. Bh6
Na5 15. Bxg7 Kxg7 16. Be2 Qc7 17. g3 a6 18. Bd3 b5 19. Rab1 Nc4 20. Qe2 Qd6 21.
a3 Rc7 22. f4 Rfc8 23. Ra1 Nb6 24. Qe5+ Qxe5 25. fxe5 Na4 26. Re2 Nb6 27. Kf2
Rh8 28. h3 h5 29. Rf1 Rhc8 30. Ke1 Na4 31. Rff2 Rb8 32. Rc2 Nxb2 33. Rxb2 Rxc3
34. Rfd2 Rxa3 35. Ra2 Rxa2 36. Rxa2 Rb6 37. Ra5 f6 38. Kd2 fxe5 39. dxe5 Kh6
40. Ra1 g5 41. Kc3 Rc6+ 42. Kb4 d4 43. Rf1 Rc3 44. Rf6+ Kg7 45. Bg6 Rc4+ 46.
Kb3 Rc3+ 47. Kb2 Rxg3 48. Bxh5 Rxh3 49. Bg4 1-0

[Event "Bad Wörishofen op 2012 28th"]
[Site "Bad Wörishofen (2.3.-10.3)"]
[Date "2012.03.07"]
[Round "6.68"]
[White "Herrmann, Matthias(07.62)"]
[Black "Koelbl, Wolfgang"]
[Result "1/2-1/2"]
[WhiteElo "1775"]
[BlackElo "1896"]
[PlyCount "56"]
[EventDate "2012.03.??"]
[EventType "swiss"]
[EventRounds "9"]
[EventCountry "GER"]
[SourceDate "2013.02.18"]
[WhiteTeam "Karlsbad SF"]
[BlackTeam "Klosterlechfeld SK"]

1. f4 c6 2. Nf3 d6 3. b3 Bg4 4. e3 Nd7 5. Bb2 Ngf6 6. Be2 Qc7 7. O-O O-O-O 8.
Ng5 Bxe2 9. Qxe2 Rg8 10. Nxf7 Re8 11. d4 h6 12. e4 g5 13. e5 Nd5 14. c4 Nxf4
15. Rxf4 gxf4 16. exd6 Qa5 17. c5 e6 18. Bc3 Qa6 19. Qxa6 bxa6 20. Nd2 Bg7 21.
Ne5 Bxe5 22. dxe5 Nxc5 23. Bd4 Nd7 24. Rf1 Ref8 25. b4 Rg6 26. Rf2 Kb7 27. Nf3
Rg4 28. Rc2 Rc8 1/2-1/2

[Event "Bad Wörishofen op 2012 28th"]
[Site "Bad Wörishofen (2.3.-10.3)"]
[Date "2012.03.07"]
[Round "6.69"]
[White "Fenske, Wolfgang"]
[Black "Feicht, Roland"]
[Result "1/2-1/2"]
[WhiteElo "1761"]
[BlackElo "1565"]
[PlyCount "40"]
[EventDate "2012.03.??"]
[EventType "swiss"]
[EventRounds "9"]
[EventCountry "GER"]
[SourceDate "2013.02.18"]
[WhiteTeam "Hamburg KSpr. SC"]
[BlackTeam "Augsburg Rochade SK"]

1. Nf3 d6 2. d4 Nc6 3. c4 e5 4. d5 Na5 5. e4 b6 6. b4 Nb7 7. Bb2 Bd7 8. Be2 c5
9. dxc6 Bxc6 10. Nc3 Nf6 11. Nd2 Be7 12. O-O O-O 13. Nd5 Nxd5 14. cxd5 Bd7 15.
Qb3 Qe8 16. Ba6 Rb8 17. a4 f5 18. f3 Bg5 19. Nc4 b5 20. axb5 Bxb5 1/2-1/2

[Event "Bad Wörishofen op 2012 28th"]
[Site "Bad Wörishofen (2.3.-10.3)"]
[Date "2012.03.07"]
[Round "6.70"]
[White "Bauder, Herbert"]
[Black "Stoll, Katja"]
[Result "1/2-1/2"]
[WhiteElo "1838"]
[BlackElo "1711"]
[PlyCount "39"]
[EventDate "2012.03.??"]
[EventType "swiss"]
[EventRounds "9"]
[EventCountry "GER"]
[SourceDate "2013.02.18"]
[WhiteTeam "Berlin Lasker Steglitz SG"]
[BlackTeam "Ulm Weisse Dame SC"]

1. d4 d5 2. Nf3 Nf6 3. c4 c6 4. Nc3 e6 5. Bg5 h6 6. Bh4 Nbd7 7. e3 Be7 8. Qc2
O-O 9. a3 a6 10. Rc1 dxc4 11. Bxc4 b5 12. Bd3 c5 13. O-O Bb7 14. Qe2 Rc8 15.
Rfd1 Nd5 16. Bg3 cxd4 17. Nxd5 Bxd5 18. exd4 Qb6 19. Ne5 Nxe5 20. dxe5 1/2-1/2

[Event "Bad Wörishofen op 2012 28th"]
[Site "Bad Wörishofen (2.3.-10.3)"]
[Date "2012.03.07"]
[Round "6.72"]
[White "Wilms, Robert"]
[Black "Tichacek, Alois"]
[Result "1-0"]
[WhiteElo "1867"]
[BlackElo "1559"]
[PlyCount "63"]
[EventDate "2012.03.??"]
[EventType "swiss"]
[EventRounds "9"]
[EventCountry "GER"]
[SourceDate "2013.02.18"]
[WhiteTeam "Hamburg 1934 SF"]
[BlackTeam "Marktoberdorf SK"]

1. e4 c5 2. Nf3 Nc6 3. d4 cxd4 4. Nxd4 e5 5. Nf3 Nf6 6. Nc3 Qa5 7. Bd2 Bb4 8.
a3 Bxc3 9. Bxc3 Qc7 10. Bd3 d6 11. Qe2 Bg4 12. h3 Bh5 13. g4 Bg6 14. Nh4 O-O
15. Nxg6 fxg6 16. O-O-O Rad8 17. Kb1 a5 18. h4 b5 19. f3 d5 20. h5 gxh5 21. g5
dxe4 22. fxe4 Ne8 23. Rxh5 g6 24. Rh2 Ng7 25. Rdh1 Nh5 26. Qe3 Rf4 27. Qc5 Rd7
28. a4 Ng3 29. Re1 b4 30. Bc4+ Kh8 31. Bd5 Ne7 32. Qxc7 1-0

[Event "Bad Wörishofen op 2012 28th"]
[Site "Bad Wörishofen (2.3.-10.3)"]
[Date "2012.03.07"]
[Round "6.73"]
[White "Dietsche, Birgit"]
[Black "Humburg, Eduard"]
[Result "1-0"]
[WhiteElo "1305"]
[BlackElo "1179"]
[PlyCount "67"]
[EventDate "2012.03.??"]
[EventType "swiss"]
[EventRounds "9"]
[EventCountry "GER"]
[SourceDate "2013.02.18"]
[WhiteTeam "DBSB (Blindenschachbund)"]
[BlackTeam "Wolfratshausen SC"]

1. d4 d5 2. Bf4 Nf6 3. e3 Bd7 4. Nf3 Nc6 5. c3 e6 6. Nbd2 Be7 7. Bd3 Nh5 8. Bg3
O-O 9. Ne5 Nxe5 10. Bxe5 g6 11. Nf3 f6 12. Bg3 c5 13. Qc2 f5 14. Ne5 Be8 15.
Be2 Nf6 16. Bf4 Kg7 17. Qd1 Bd6 18. h4 h6 19. Rh3 Bxe5 20. Bxe5 Kh7 21. g4 Ne4
22. g5 h5 23. Rf3 c4 24. Rh3 Nd6 25. Bf3 Ne4 26. Ke2 Nxg5 27. hxg5 Qxg5 28. Qh1
Kg8 29. Rg1 Qh6 30. Rxh5 Qg7 31. Bxg7 Kxg7 32. Rh7+ Kf6 33. Qh4+ g5 34. Qxg5#
1-0

[Event "Bad Wörishofen op 2012 28th"]
[Site "Bad Wörishofen (2.3.-10.3)"]
[Date "2012.03.07"]
[Round "6.74"]
[White "Mader, Manuela"]
[Black "Engl, Heinz"]
[Result "0-1"]
[WhiteElo "2156"]
[BlackElo "2021"]
[PlyCount "60"]
[EventDate "2012.03.??"]
[EventType "swiss"]
[EventRounds "9"]
[EventCountry "GER"]
[SourceDate "2013.02.18"]
[WhiteTeam "Ettlingen SK"]
[BlackTeam "München Blinden SC (DBSB)"]

1. d4 d5 2. c4 e6 3. Nc3 c5 4. cxd5 exd5 5. g3 Nc6 6. Bg2 Nf6 7. Nf3 Be7 8. O-O
O-O 9. b3 Ne4 10. Bb2 Bf6 11. Na4 b6 12. Rc1 Re8 13. dxc5 Bxb2 14. Nxb2 bxc5
15. Na4 Ba6 16. Re1 c4 17. Nd2 Qa5 18. Bxe4 dxe4 19. Nxc4 Qh5 20. Nd6 Ne5 21.
h4 Rad8 22. Rc5 Qg4 23. Qd4 Qe6 24. Nxe8 Rxd4 25. Nc7 Qd6 26. Nxa6 f6 27. Nc7
Rd1 28. Kf1 Qd2 29. Rd5 Qxe1+ 30. Kg2 Qh1# 0-1

[Event "Bad Wörishofen op 2012 28th"]
[Site "Bad Wörishofen (2.3.-10.3)"]
[Date "2012.03.07"]
[Round "6.75"]
[White "Tennstedt, Andreas Dr"]
[Black "Lindenmair, Anton"]
[Result "1-0"]
[WhiteElo "2106"]
[BlackElo "1975"]
[PlyCount "77"]
[EventDate "2012.03.??"]
[EventType "swiss"]
[EventRounds "9"]
[EventCountry "GER"]
[SourceDate "2013.02.18"]
[WhiteTeam "Griesheim(DA) SV"]
[BlackTeam "DBSB (Blindenschachbund)"]

1. c4 Nf6 2. Nc3 g6 3. d4 Bg7 4. e4 d6 5. f3 c6 6. Be3 a6 7. Bd3 O-O 8. Nge2 b5
9. e5 Nfd7 10. exd6 exd6 11. O-O bxc4 12. Bxc4 d5 13. Bd3 Nf6 14. Qd2 Nbd7 15.
Na4 Qe7 16. Rac1 Bb7 17. Bh6 Rfe8 18. Bxg7 Kxg7 19. Rfd1 Rac8 20. Ng3 Qe3+ 21.
Qxe3 Rxe3 22. Kf2 Re6 23. Nf1 Ne8 24. Nd2 Nd6 25. Nb3 Nb5 26. Nac5 Nxc5 27.
Nxc5 Re7 28. b3 Ba8 29. a4 Nc7 30. Bxa6 Rb8 31. Re1 Rxe1 32. Rxe1 Nxa6 33. Nxa6
Rxb3 34. Re8 Rb2+ 35. Kg3 Ra2 36. Rxa8 Rxa4 37. Nc7 Rxd4 38. Ne8+ Kh6 39. Ra7
1-0

[Event "Bad Wörishofen op 2012 28th"]
[Site "Bad Wörishofen (2.3.-10.3)"]
[Date "2012.03.07"]
[Round "6.76"]
[White "Pohlers, Juergen"]
[Black "Herold, Gunther"]
[Result "1/2-1/2"]
[WhiteElo "1875"]
[BlackElo "1723"]
[PlyCount "32"]
[EventDate "2012.03.??"]
[EventType "swiss"]
[EventRounds "9"]
[EventCountry "GER"]
[SourceDate "2013.02.18"]
[WhiteTeam "Leipzig Allianz BSV(DBSB)"]
[BlackTeam "Obergünzburg SC"]

1. d4 Nf6 2. c4 e5 3. dxe5 Ng4 4. Nf3 Bc5 5. e3 Nc6 6. Be2 Ngxe5 7. Nxe5 Nxe5
8. Nc3 O-O 9. O-O Re8 10. Ne4 Bf8 11. Ng3 d6 12. f4 Nd7 13. Bd3 Qe7 14. Nf5 Qf6
15. Ng3 Qh4 16. Nf5 Qf6 1/2-1/2

[Event "Bad Wörishofen op 2012 28th"]
[Site "Bad Wörishofen (2.3.-10.3)"]
[Date "2012.03.07"]
[Round "6.79"]
[White "Steinhart, Matthias"]
[Black "Mueller, Wolfgang(10.61)"]
[Result "0-1"]
[WhiteElo "1586"]
[BlackElo "1753"]
[PlyCount "82"]
[EventDate "2012.03.??"]
[EventType "swiss"]
[EventRounds "9"]
[EventCountry "GER"]
[SourceDate "2013.02.18"]
[WhiteTeam "DBSB (Blindenschachbund)"]
[BlackTeam "Marktoberdorf SK"]

1. e4 c5 2. Nf3 d6 3. d4 cxd4 4. Nxd4 Nf6 5. Nc3 a6 6. Bg5 Nbd7 7. f4 g6 8. Qd2
Bg7 9. O-O-O Qc7 10. f5 b5 11. Bh6 Bf8 12. Bxf8 Rxf8 13. a3 Bb7 14. Bd3 Ne5 15.
fxg6 hxg6 16. Rhf1 O-O-O 17. h3 Kb8 18. Kb1 Rc8 19. Rf2 Qb6 20. Nf3 Nxf3 21.
Rxf3 Nd7 22. Qf2 Qxf2 23. Rxf2 f6 24. Nd5 Bxd5 25. exd5 Ne5 26. Be4 Rc4 27. Re2
Rh8 28. c3 Rh4 29. Bc2 Kb7 30. Re3 Rc8 31. Rd4 Rhh8 32. Ree4 g5 33. a4 f5 34.
Re1 f4 35. Rb4 Kb6 36. Ka2 Rc7 37. axb5 axb5 38. Rd4 f3 39. Rd2 fxg2 40. Rxg2
Rxh3 41. Rf2 g4 0-1

[Event "Bad Wörishofen op 2012 28th"]
[Site "Bad Wörishofen (2.3.-10.3)"]
[Date "2012.03.07"]
[Round "6.80"]
[White "Dahmen, Juergen"]
[Black "Marzec, Witold"]
[Result "1/2-1/2"]
[WhiteElo "1674"]
[BlackElo "1729"]
[PlyCount "45"]
[EventDate "2012.03.??"]
[EventType "swiss"]
[EventRounds "9"]
[EventCountry "GER"]
[SourceDate "2013.02.18"]
[WhiteTeam "Wolfbusch SV"]
[BlackTeam "Bonner SG "L""]

1. c4 Nf6 2. Nc3 e6 3. e4 d5 4. e5 Nfd7 5. Nf3 c6 6. d4 dxc4 7. Bxc4 b5 8. Bb3
Bb7 9. Bg5 Be7 10. Bxe7 Qxe7 11. O-O Nb6 12. Ne4 O-O 13. Nd6 Nc8 14. Nxb7 Qxb7
15. Qd3 g6 16. Ng5 Qe7 17. Qe3 a6 18. Ne4 Kg7 19. Rad1 Nd7 20. Qg3 Ncb6 21. Nd6
c5 22. f4 cxd4 23. Rxd4 1/2-1/2

[Event "Bad Wörishofen op 2012 28th"]
[Site "Bad Wörishofen (2.3.-10.3)"]
[Date "2012.03.07"]
[Round "6.81"]
[White "Funke, Joerg-Dietmar"]
[Black "Puetz, Peter(51)"]
[Result "1-0"]
[WhiteElo "1729"]
[BlackElo "1437"]
[PlyCount "45"]
[EventDate "2012.03.??"]
[EventType "swiss"]
[EventRounds "9"]
[EventCountry "GER"]
[SourceDate "2013.02.18"]
[WhiteTeam "Naunhof SC"]
[BlackTeam "Hennef SV"]

1. e4 c5 2. Nc3 Nc6 3. g3 d6 4. Bg2 e5 5. d3 Nf6 6. h3 Be7 7. Be3 a6 8. a4 Bd7
9. Nge2 Nd4 10. O-O b5 11. Bg5 Bxh3 12. Bxf6 Qd7 13. Bxe7 Nf3+ 14. Bxf3 Bxf1
15. Qxf1 Qxe7 16. axb5 O-O 17. Nd5 Qb7 18. Rxa6 Rxa6 19. bxa6 Qxa6 20. b3 Qa2
21. Qc1 f5 22. exf5 Rxf5 23. Ne7+ 1-0

[Event "Bad Wörishofen op 2012 28th"]
[Site "Bad Wörishofen (2.3.-10.3)"]
[Date "2012.03.07"]
[Round "6.82"]
[White "Taufratshofer, Martin"]
[Black "Muehlbach, Peter"]
[Result "1/2-1/2"]
[WhiteElo "1854"]
[BlackElo "1995"]
[PlyCount "90"]
[EventDate "2012.03.??"]
[EventType "swiss"]
[EventRounds "9"]
[EventCountry "GER"]
[SourceDate "2013.02.18"]
[WhiteTeam "Obergünzburg SC"]
[BlackTeam "Heidelberg-Kirchheim SG"]

1. Nf3 f5 2. d4 Nf6 3. g3 e6 4. Bg2 Be7 5. O-O O-O 6. c4 d5 7. b3 c6 8. Ba3
Bxa3 9. Nxa3 Qe7 10. Nc2 Bd7 11. c5 Be8 12. Nce1 Bh5 13. Ne5 Nbd7 14. N1d3 Nxe5
15. Nxe5 Nd7 16. Nxd7 Qxd7 17. Qd2 Qe7 18. f4 Be8 19. b4 h6 20. a4 g5 21. Ra3
Bd7 22. Re3 Qg7 23. Rb3 Rfb8 24. Rfb1 a6 25. h3 Qf6 26. Kh2 Kf7 27. Qe3 Rg8 28.
Rf1 g4 29. h4 Ke7 30. Ra1 Kf7 31. Qc3 Qd8 32. e3 Qc7 33. Bf1 Rgb8 34. b5 Qd8
35. bxa6 bxa6 36. Rab1 a5 37. Rb6 Rxb6 38. cxb6 Qb8 39. Qc5 Qb7 40. Bd3 Ke8 41.
Qd6 Rd8 42. Kg2 Ra8 43. Kf2 Rd8 44. Qe5 Kf7 45. Qd6 Ra8 1/2-1/2

[Event "Bad Wörishofen op 2012 28th"]
[Site "Bad Wörishofen (2.3.-10.3)"]
[Date "2012.03.07"]
[Round "6.83"]
[White "Bangert, Ruediger"]
[Black "Gerhards, Walter"]
[Result "0-1"]
[WhiteElo "1463"]
[BlackElo "1805"]
[PlyCount "92"]
[EventDate "2012.03.??"]
[EventType "swiss"]
[EventRounds "9"]
[EventCountry "GER"]
[SourceDate "2013.02.18"]
[WhiteTeam "GER/Erlangen Siemens SG"]
[BlackTeam "Ratinger SK"]
[WhiteTeamCountry "GER"]

1. d4 d5 2. c4 e6 3. cxd5 exd5 4. Nf3 Nf6 5. a3 h6 6. e3 Bd6 7. Nc3 O-O 8. Be2
Re8 9. Nb5 Bf8 10. Ne5 c5 11. Nf3 Bd7 12. Nc3 Bc6 13. Ne5 Bd6 14. Nxc6 bxc6 15.
dxc5 Bxc5 16. O-O Qc7 17. Bf3 Nbd7 18. g3 Rad8 19. Bg2 a5 20. Qc2 Ne5 21. Ne2
Qd6 22. Nc3 Qc7 23. Ne2 Qa7 24. Nf4 Bb6 25. Bd2 c5 26. b4 cxb4 27. axb4 Rc8 28.
Qb3 Nc4 29. Bc3 Nxe3 30. fxe3 Rxe3 31. Kh1 Rexc3 32. Qd1 d4 33. Nd5 Nxd5 34.
Bxd5 R3c7 35. Qh5 Rf8 36. bxa5 Bc5 37. a6 Rd7 38. Bb7 d3 39. Qf5 Rfd8 40. Rad1
d2 41. Qg4 Qb6 42. Qc4 Qd6 43. Rf5 Re8 44. Rff1 Rde7 45. Qc2 Rxb7 46. axb7 Qd5+
0-1

[Event "Bad Wörishofen op 2012 28th"]
[Site "Bad Wörishofen (2.3.-10.3)"]
[Date "2012.03.07"]
[Round "6.84"]
[White "Fischer, Peter(57)"]
[Black "Gajewski, Richard"]
[Result "0-1"]
[WhiteElo "1436"]
[BlackElo "1681"]
[PlyCount "60"]
[EventDate "2012.03.??"]
[EventType "swiss"]
[EventRounds "9"]
[EventCountry "GER"]
[SourceDate "2013.02.18"]
[WhiteTeam "Memmingen Post SV"]
[BlackTeam "Gunzenhausen FC"]

1. d4 e6 2. e4 b6 3. Nc3 Bb7 4. Bf4 Bb4 5. f3 Ne7 6. a3 Bxc3+ 7. bxc3 d5 8. e5
Ng6 9. Bg3 Nd7 10. Ne2 c5 11. Qd2 Rc8 12. Bf2 Qc7 13. Rc1 O-O 14. Ng3 f6 15.
exf6 Nxf6 16. Bd3 Nh4 17. O-O c4 18. Be2 Rce8 19. Nh1 Ng6 20. Bg3 Qd7 21. Rfe1
e5 22. dxe5 Nxe5 23. Bf1 Nf7 24. Rxe8 Rxe8 25. Re1 Nd6 26. Be2 Qc6 27. Bxd6
Qxd6 28. Bxc4 Qc5+ 29. Nf2 Rxe1+ 30. Qxe1 dxc4 0-1

[Event "Bad Wörishofen op 2012 28th"]
[Site "Bad Wörishofen (2.3.-10.3)"]
[Date "2012.03.07"]
[Round "6.85"]
[White "Sauerwein, Martin"]
[Black "Hirstel, Serge"]
[Result "0-1"]
[WhiteElo "1334"]
[BlackElo "1768"]
[PlyCount "79"]
[EventDate "2012.03.??"]
[EventType "swiss"]
[EventRounds "9"]
[EventCountry "GER"]
[SourceDate "2013.02.18"]
[WhiteTeam "Kaufbeuren SC"]
[BlackTeam "FRA/Frankreich"]
[BlackTeamCountry "FRA"]

1. d4 Nf6 2. Bg5 g6 3. Bxf6 exf6 4. Nf3 d5 5. e3 Bg7 6. Be2 O-O 7. c4 c6 8. O-O
a5 9. Nc3 dxc4 10. Bxc4 b5 11. Bd3 Na6 12. a3 Bb7 13. Rc1 Qb6 14. Ne4 Rfd8 15.
Nc5 Nxc5 16. Rxc5 Bf8 17. Rc2 c5 18. Be2 Rac8 19. Qd3 c4 20. Qd2 a4 21. Rfc1
Be4 22. Rc3 Bd6 23. h3 Bc7 24. Kf1 Qd6 25. g3 Ba5 26. Kg1 Qc6 27. Kg2 Qd5 28.
Qd1 Bxc3 29. Rxc3 Qe6 30. Kh2 Kg7 31. Nd2 Ba8 32. Bg4 f5 33. Bf3 Be4 34. Bxe4
fxe4 35. Qg4 Qxg4 36. hxg4 Re8 37. Kg2 Rcd8 38. f3 exf3+ 39. Kxf3 h6 40. Ke2
0-1

[Event "Bad Wörishofen op 2012 28th"]
[Site "Bad Wörishofen (2.3.-10.3)"]
[Date "2012.03.07"]
[Round "6.86"]
[White "Russ, Oliver(76)"]
[Black "Di Cicco, Daniela"]
[Result "1-0"]
[WhiteElo "1491"]
[BlackElo "1071"]
[PlyCount "45"]
[EventDate "2012.03.??"]
[EventType "swiss"]
[EventRounds "9"]
[EventCountry "GER"]
[SourceDate "2013.02.18"]
[WhiteTeam "Schwarzenberg-Raschau SG"]
[BlackTeam "ITA/Italien"]
[BlackTeamCountry "ITA"]

1. e4 e6 2. Nf3 Nf6 3. Nc3 Be7 4. Be2 O-O 5. O-O b6 6. d3 Bb7 7. Bf4 d5 8. e5
Nfd7 9. d4 c5 10. dxc5 bxc5 11. Qd2 h6 12. Rad1 Nb6 13. Nb5 a6 14. Nd6 Ra7 15.
Nxb7 Rxb7 16. b3 g5 17. Bg3 f5 18. exf6 Bxf6 19. Ne5 Rg7 20. Bg4 Qe7 21. Bh5
N8d7 22. Nc6 Qf7 23. Bxf7+ 1-0

[Event "Bad Wörishofen op 2012 28th"]
[Site "Bad Wörishofen (2.3.-10.3)"]
[Date "2012.03.07"]
[Round "6.87"]
[White "Lampert, Joshua"]
[Black "Cerusico, Carlo"]
[Result "1-0"]
[WhiteElo "1504"]
[BlackElo "1191"]
[PlyCount "39"]
[EventDate "2012.03.??"]
[EventType "swiss"]
[EventRounds "9"]
[EventCountry "GER"]
[SourceDate "2013.02.18"]
[WhiteTeam "Hamburger SK"]
[BlackTeam "ITA/Italien"]
[BlackTeamCountry "ITA"]

1. e4 e6 2. d4 d6 3. Nc3 a6 4. Be3 g6 5. Qd2 h6 6. O-O-O Bg7 7. h4 Ne7 8. h5 g5
9. f4 f6 10. Bd3 gxf4 11. Bxf4 e5 12. Be3 b5 13. Rf1 Nd7 14. Nf3 Bb7 15. Rh3 d5
16. Rg3 Kf7 17. dxe5 c5 18. exd5 Nxd5 19. e6+ Kxe6 20. Rxg7 1-0

[Event "Bad Wörishofen op 2012 28th"]
[Site "Bad Wörishofen (2.3.-10.3)"]
[Date "2012.03.08"]
[Round "7.3"]
[White "Gutman, Lev"]
[Black "Epishin, Vladimir"]
[Result "1/2-1/2"]
[WhiteElo "2435"]
[BlackElo "2592"]
[PlyCount "21"]
[EventDate "2012.03.??"]
[EventType "swiss"]
[EventRounds "9"]
[EventCountry "GER"]
[SourceDate "2013.02.18"]
[WhiteTeam "Lingen SV"]
[BlackTeam "RUS/Rußland"]
[BlackTeamCountry "RUS"]

1. Nf3 d5 2. g3 c6 3. Bg2 Bf5 4. O-O e6 5. d3 Nf6 6. c3 h6 7. Qb3 Qc8 8. c4 Na6
9. Be3 Be7 10. Nc3 O-O 11. Rfe1 1/2-1/2

[Event "Bad Wörishofen op 2012 28th"]
[Site "Bad Wörishofen (2.3.-10.3)"]
[Date "2012.03.08"]
[Round "7.5"]
[White "Zubarev, Alexander"]
[Black "Graf, Felix(93)"]
[Result "1-0"]
[WhiteElo "2571"]
[BlackElo "2349"]
[PlyCount "121"]
[EventDate "2012.03.??"]
[EventType "swiss"]
[EventRounds "9"]
[EventCountry "GER"]
[SourceDate "2013.02.18"]
[WhiteTeam "Siegburg 1919 SC"]
[BlackTeam "München Bayern FC"]

1. Nf3 d5 2. d4 Nf6 3. c4 c6 4. Nc3 dxc4 5. a4 c5 6. d5 Bf5 7. e3 e6 8. Bxc4
exd5 9. Nxd5 Nc6 10. O-O Bd6 11. b3 O-O 12. Bb2 Nxd5 13. Qxd5 Be6 14. Qh5 Bxc4
15. bxc4 Qe7 16. Rad1 Rad8 17. Rd5 Nb4 18. Rd2 Qe4 19. Rfd1 Be7 20. Qe5 Qxe5
21. Nxe5 Rxd2 22. Rxd2 Rd8 23. Rxd8+ Bxd8 24. Kf1 f6 25. Nf3 Kf7 26. Ke2 Ke6
27. g4 g6 28. h3 Nc6 29. Ne1 Be7 30. f4 Bd6 31. Nf3 Nb8 32. g5 f5 33. Bc3 Nd7
34. Ba5 Bf8 35. Kd3 Bg7 36. h4 Bb2 37. Bc7 Bc1 38. Ng1 Bb2 39. Ne2 Ba3 40. Ng3
Bb4 41. Ke2 Ba3 42. h5 gxh5 43. Nxh5 Nf8 44. Kd3 Bb2 45. Kc2 Ba1 46. Ng3 a6 47.
Kd3 Bb2 48. e4 Kd7 49. Bb8 fxe4+ 50. Kxe4 Kc6 51. f5 b5 52. cxb5+ axb5 53.
axb5+ Kxb5 54. Kd5 Nd7 55. Bf4 c4 56. Ne2 Nb6+ 57. Ke6 Kc6 58. f6 Nd7 59. Bc1
Nc5+ 60. Ke7 Be5 61. Bf4 1-0